[Event "Krynica op-A"]
[Site "?"]
[Date "1998.??.??"]
[Round "?"]
[White "Buturin Vladimir"]
[Black "Oliwa Patryk"]
[Result "1-0"]
[WhiteElo "2460"]
[BlackElo "2275"]
[PlyCount "119"]
[EventDate "1998.??.??"]
[Source "www.chesslib.no"]
[SourceDate "2004.05.04"]

1. Nf3 Nf6 2. c4 c6 3. g3 d5 4. b3 Bf5 5. Bg2 Nbd7 6. Bb2 e6 7. O-O Be7 8. d3 O-O 9. Nh4 Bg4 10. h3 Bh5 11. Nd2 Ne8 12. Nhf3 Bf6 13. d4 b5 14. cxd5 cxd5 15. Ne5 Rc8 16. g4 Bg6 17. Rc1 Nxe5 18. dxe5 Be7 19. f4 f5 20. Bd4 Rf7 21. e3 Ba3 22. Rxc8 Qxc8 23. Nb1 Bf8 24. Nc3 a6 25. Nxd5 exd5 26. Bxd5 Qd8 27. Bxf7+ Kxf7 28. Qf3 Kg8 29. Kh2 h6 30. Rg1 Qd7 31. Rc1 Ba3 32. Rc6 Bf7 33. Rxa6 Bd5 34. Rd6 Bxf3 35. Rxd7 fxg4 36. hxg4 Bxg4 37. Rb7 Be2 38. f5 Kf8 39. Kg3 Be7 40. a4 bxa4 41. bxa4 h5 42. Rb2 Bd3 43. Rd2 h4+ 44. Kf4 Bf1 45. Rf2 Bd3 46. Rh2 Bf1 47. Rf2 Bd3 48. e4 Bb4 49. Rh2 Be1 50. Bf2 Bd2+ 51. Kf3 Bc3 52. Bxh4 Bxe5 53. Rd2 Bc4 54. Bg3 Ba1 55. a5 Ba6 56. Rc2 Nf6 57. Rc7 Bd3 58. Bd6+ Kg8 59. Rc8+ Kf7 60. Rf8# 1-0

[Event "Buenos Aires Club Argentino"]
[Site "Buenos Aires"]
[Date "1975.??.??"]
[Round "3"]
[White "Letelier Martner, Rene"]
[Black "De la Vega, Hector"]
[Result "1/2-1/2"]
[WhiteElo "2350"]
[BlackElo "2360"]
[PlyCount "35"]
[EventDate "1975.??.??"]
[Source "ChessBase"]

1. g3 Nf6 2. c4 c6 3. Nf3 d5 4. b3 Bf5 5. Bb2 e6 6. Bg2 Be7 7. O-O O-O 8. d3 h6 9. Nbd2 a5 10. a3 Nbd7 11. Qc2 Bh7 12. Bc3 Nb6 13. Qb2 c5 14. cxd5 Nbxd5 15. Be5 Bd6 16. Bxd6 Qxd6 17. Nc4 Qc7 18. a4 1/2-1/2

[Event "Ruy Lopez (2eme memorial)"]
[Site "?"]
[Date "2004.05.08"]
[Round "8"]
[White "Carrasco Juan Manuel"]
[Black "Llanes Miguel"]
[Result "1/2-1/2"]
[WhiteElo "2410"]
[BlackElo "2299"]
[PlyCount "28"]
[EventDate "2004.??.??"]
[Source "www.chesslib.no"]
[SourceDate "2004.05.04"]

1. Nf3 d5 2. c4 c6 3. g3 Nf6 4. b3 Bf5 5. d3 e6 6. Bg2 h6 7. O-O Be7 8. Nbd2 O-O 9. Bb2 Nbd7 10. Rc1 a5 11. a3 Bh7 12. Rc2 c5 13. cxd5 exd5 14. Ne5 a4 1/2-1/2

[Event "DEN Team Ch 9091"]
[Site "Denmark"]
[Date "1991.??.??"]
[Round "4"]
[White "Sorensen, Bent"]
[Black "Pedersen, Erik"]
[Result "1/2-1/2"]
[WhiteElo "2305"]
[BlackElo "2400"]
[PlyCount "32"]
[EventDate "1990.??.??"]
[Source "www.chesslib.no"]
[SourceDate "2004.05.04"]

1. c4 Nf6 2. g3 c6 3. Nf3 d5 4. b3 Bf5 5. Bg2 e6 6. O-O Be7 7. Bb2 O-O 8. d3 h6 9. Nbd2 Bh7 10. a3 a5 11. Ra2 Na6 12. Qa1 b5 13. Ne5 Qb6 14. Re1 Rfc8 15. d4 Qd8 16. c5 Nb8 1/2-1/2

[Event "Berliner Sommer"]
[Site "Berlin GER"]
[Date "1994.??.??"]
[Round "?"]
[White "Reschke, Thomas"]
[Black "Cosma, Ioan"]
[Result "1-0"]
[WhiteElo "2265"]
[BlackElo "2435"]
[PlyCount "83"]
[EventDate "1994.08.??"]
[Source "www.chesslib.no"]
[SourceDate "2004.05.04"]

1. c4 Nf6 2. g3 c6 3. b3 d5 4. Nf3 Bf5 5. Bg2 e6 6. O-O Be7 7. Bb2 O-O 8. d3 h6 9. Nbd2 Bh7 10. a3 a5 11. Bc3 Na6 12. Ra2 b5 13. Nd4 Qb6 14. cxb5 cxb5 15. Nc2 Rac8 16. Qa1 Nb8 17. b4 a4 18. e4 dxe4 19. Nxe4 Nbd7 20. Bd4 Qb8 21. f4 Rfd8 22. Ne3 Bxe4 23. dxe4 Nb6 24. Rd2 Nc4 25. Nxc4 Rxc4 26. Rfd1 Rcc8 27. Bf3 Rd7 28. Kg2 Rcd8 29. Qb2 Ne8 30. Be5 Rxd2+ 31. Rxd2 Bd6 32. Bd4 Bc7 33. Bc5 Bb6 34. e5 Bxc5 35. bxc5 Nc7 36. Rd6 Kf8 37. Qd4 Ke7 38. Rxd8 Qxd8 39. Qd6+ Qxd6 40. exd6+ Kd8 41. Be2 Nd5 42. Bxb5 1-0

[Event "BL2-S qual"]
[Site "GER"]
[Date "1991.??.??"]
[Round "?"]
[White "Schulz, Karsten"]
[Black "Holzhaeuer, Mathias"]
[Result "1/2-1/2"]
[WhiteElo "2375"]
[BlackElo "2325"]
[PlyCount "46"]
[EventDate "1991.??.??"]
[Source "www.chesslib.no"]
[SourceDate "2004.05.04"]

1. Nf3 Nf6 2. g3 d5 3. c4 c6 4. b3 Bf5 5. Bg2 e6 6. O-O Be7 7. Bb2 Nbd7 8. d3 h6 9. Nbd2 O-O 10. Qc2 Bh7 11. a3 a5 12. Bc3 Qb8 13. Rfc1 Re8 14. Qb2 Bd6 15. d4 Ne4 16. Nxe4 Bxe4 17. Ne5 Bxe5 18. dxe5 Bxg2 19. Kxg2 a4 20. cxd5 cxd5 21. Bd4 axb3 22. f4 Ra4 23. e3 Rc4 1/2-1/2

[Event "SUI-chT"]
[Site "Biel/Luzern/Zuerich/Bern"]
[Date "2004.05.02"]
[Round "4.2"]
[White "Bratvold, Tore"]
[Black "Gaertner, Guntram"]
[Result "1/2-1/2"]
[WhiteElo "2316"]
[BlackElo "2381"]
[PlyCount "107"]
[EventDate "2004.02.29"]
[Source "Roberto Alvarez"]
[SourceDate "2004.06.07"]

1. c4 c6 2. Nf3 d5 3. b3 Nf6 4. g3 Bf5 5. Bg2 e6 6. O-O Nbd7 7. Bb2 Be7 8. d3 h6 9. Nbd2 O-O 10. Rc1 Bh7 11. Rc2 Bd6 12. Qa1 Qe7 13. Ne5 Nxe5 14. Bxe5 Bxe5 15. Qxe5 Qd8 16. b4 Qb6 17. Qb2 a5 18. b5 dxc4 19. Nxc4 Qxb5 20. Qxb5 cxb5 21. Nd6 b4 22. Bxb7 Rab8 23. Rc7 Ne8 24. Nxe8 Rfxe8 25. a3 bxa3 26. Ra1 Kf8 27. Rxa3 Re7 28. Rxe7 Kxe7 29. Ba6 Rb2 30. Kf1 Bf5 31. f3 g5 32. g4 Bg6 33. Rxa5 Rb8 34. Bc4 Rb7 35. Kf2 Rd7 36. Ra8 Rd8 37. Ra7+ Rd7 38. Ra8 Rd8 39. Ra5 Rd7 40. Rb5 Kf6 41. Kg3 h5 42. Kg2 hxg4 43. fxg4 Ra7 44. h4 gxh4 45. g5+ Kg7 46. Kh3 Ra1 47. Kxh4 Rg1 48. e4 Kf8 49. Rb7 e5 50. Rb5 Rh1+ 51. Kg3 Rg1+ 52. Kf3 Rxg5 53. d4 f5 54. exf5 1/2-1/2

[Event "Budapest FS09 IM-A"]
[Site "Budapest"]
[Date "1994.??.??"]
[Round "7"]
[White "Farago, Sandor"]
[Black "Dudas, Janos"]
[Result "1-0"]
[WhiteElo "2360"]
[BlackElo "2325"]
[PlyCount "126"]
[EventDate "1994.09.??"]
[Source "www.chesslib.no"]
[SourceDate "2004.05.04"]

1. c4 Nf6 2. Nf3 c6 3. g3 d5 4. b3 Bf5 5. Bg2 e6 6. Bb2 Nbd7 7. O-O Bd6 8. d4 O-O 9. Nc3 Rc8 10. Nh4 Bg4 11. Qd3 g5 12. Nf3 Bf5 13. Qd2 h6 14. Ne1 Bg6 15. Nd3 dxc4 16. bxc4 Nb6 17. c5 Nc4 18. Qc1 Be7 19. Rd1 Qa5 20. e4 e5 21. dxe5 Nd7 22. Ne2 Nxb2 23. Qxb2 Rc7 24. Nd4 Nxc5 25. Nxc5 Bxc5 26. Nf5 Kh7 27. Rd3 Re8 28. Kh1 g4 29. h3 Bf8 30. hxg4 Qxe5 31. Qc1 Qf6 32. f4 Rd8 33. e5 Bxf5 34. exf6 Bxd3 35. Qe3 Rcd7 36. Rd1 Kg8 37. g5 c5 38. Qe5 Bd6 39. Qc3 c4 40. g6 Bc5 41. Rxd3 cxd3 42. Qxc5 d2 43. Bf3 d1=Q+ 44. Bxd1 Rxd1+ 45. Kg2 fxg6 46. Qe7 R1d2+ 47. Kh3 R2d7 48. f7+ Kh8 49. f8=R+ Rxf8 50. Qxd7 Kg8 51. Qxb7 Rf7 52. Qc6 Kg7 53. Kg4 h5+ 54. Kf3 Re7 55. Qc3+ Kf7 56. Qh8 Ke6 57. Ke4 Kf7+ 58. Kd5 Rd7+ 59. Ke5 Re7+ 60. Kd6 Re3 61. Qh7+ Kf6 62. Qxa7 Rxg3 63. Qc5 Kg7 1-0

[Event "Aberdeen Open"]
[Site "Aberdeen SCO"]
[Date "1994.??.??"]
[Round "5"]
[White "Webster, Andrew"]
[Black "Ferguson, Mark"]
[Result "0-1"]
[WhiteElo "2395"]
[BlackElo "2290"]
[PlyCount "84"]
[EventDate "1994.??.??"]
[Source "www.chesslib.no"]
[SourceDate "2004.05.04"]

1. Nf3 Nf6 2. c4 c6 3. g3 d5 4. b3 Bf5 5. Ba3 Nbd7 6. Bg2 e6 7. Bxf8 Nxf8 8. d3 Qa5+ 9. Nbd2 N8d7 10. a3 O-O 11. Nh4 Bg6 12. Nxg6 hxg6 13. b4 Qc7 14. Qc2 Rac8 15. O-O Rfd8 16. Rfc1 Qe5 17. e3 Qf5 18. cxd5 Ng4 19. Nf3 Qxd5 20. d4 Qd6 21. Rd1 Qe7 22. Qb2 Ngf6 23. Rd3 Nb6 24. Rad1 Rc7 25. Qb3 Rcc8 26. Qc3 Ne4 27. Qb2 Nf6 28. Ne1 Nc4 29. Qc3 Nb6 30. R3d2 Rc7 31. Nd3 Nc8 32. Nc5 Nd6 33. Qb3 Nc8 34. h3 Nb6 35. a4 Nbd7 36. Nd3 Nb8 37. Rc1 Rdc8 38. Rdc2 Qd6 39. Qc3 Na6 40. Nc5 Nd5 41. Bxd5 cxd5 42. Nxb7 Rxc3 0-1

[Event "Warsaw Cup"]
[Site "?"]
[Date "1999.??.??"]
[Round "?"]
[White "Kastanieda Georgiy"]
[Black "Marszalek Rafal"]
[Result "1-0"]
[WhiteElo "2425"]
[BlackElo "2255"]
[PlyCount "106"]
[EventDate "1999.??.??"]
[Source "www.chesslib.no"]
[SourceDate "2004.05.04"]

1. Nf3 d5 2. c4 c6 3. b3 Nf6 4. g3 Bf5 5. Bg2 e6 6. O-O h6 7. Bb2 Bc5 8. d3 O-O 9. Na3 Nbd7 10. Nc2 a5 11. a3 Qe7 12. Qd2 Bh7 13. b4 axb4 14. axb4 Bd6 15. Nfd4 e5 16. c5 Bc7 17. Nb3 Qe6 18. Rfb1 Rfb8 19. b5 cxb5 20. Na3 Qc6 21. Qb4 Ra4 22. Qe1 Rba8 23. Rc1 Bf5 24. Nc2 Rxa1 25. Bxa1 Ra4 26. h3 Qe6 27. Kh2 h5 28. Ne3 Bg6 29. Nd1 h4 30. Nc3 hxg3+ 31. fxg3 Ra3 32. Nxb5 Rxb3 33. Nxc7 Qc6 34. Qa5 e4 35. d4 Re3 36. Rc2 Nh5 37. Ne8 Nxg3 38. Qd8 Kh7 39. Qh4+ Nh5 40. Ra2 Ndf6 41. Nxf6+ gxf6 42. Qf2 Qc7+ 43. Kg1 Rb3 44. Rb2 Ra3 45. Rb1 Qa5 46. Qe1 Qxe1+ 47. Rxe1 Rb3 48. e3 Ng3 49. Kf2 Nf5 50. Bf1 Bh5 51. Be2 Bxe2 52. Rxe2 Kg6 53. Re1 Kh5 1-0

[Event "BL2-Sued 0001"]
[Site "Germany"]
[Date "2001.03.11"]
[Round "7.4"]
[White "Wegerle, Joerg"]
[Black "Gerstner, Wolfgang"]
[Result "0-1"]
[WhiteElo "2296"]
[BlackElo "2375"]
[PlyCount "106"]
[EventDate "2000.10.15"]
[Source "ChessBase"]
[SourceDate "2001.07.03"]

1. c4 Nf6 2. g3 c6 3. Nf3 d5 4. b3 Bf5 5. Bg2 e6 6. O-O Be7 7. Bb2 O-O 8. d3 h6 9. Nbd2 Nbd7 10. a3 a5 11. Qc2 Bh7 12. Bc3 b5 13. Qb2 bxc4 14. bxc4 Qc7 15. Rfc1 Rfb8 16. Qa2 Qd6 17. a4 e5 18. d4 e4 19. Ne5 Qe6 20. Nxd7 Qxd7 21. e3 Bf5 22. cxd5 cxd5 23. Rab1 Rxb1 24. Rxb1 Qc6 25. Qa1 Bd7 26. Bf1 Qxa4 27. Qxa4 Bxa4 28. Ra1 Bc2 29. Ra2 Bd3 30. Nb3 Bxf1 31. Kxf1 a4 32. Nc5 Bxc5 33. dxc5 Kf8 34. Ke2 Ke7 35. h3 Kd7 36. Kd2 Kc6 37. Bd4 Ne8 38. Kc3 g6 39. Kb4 Nc7 40. Rxa4 Rxa4+ 41. Kxa4 Ne6 42. Kb4 Ng5 43. h4 Nh3 44. Kc3 Nxf2 45. Bg7 h5 46. Kd4 Ng4 47. Bf8 Nh2 48. Ke5 Nf3+ 49. Kf4 f5 50. Bd6 Kd7 51. Bb8 Ke6 52. c6 g5+ 53. hxg5 Ng1 0-1

[Event "CSR Ch"]
[Site "Bratislava SVK"]
[Date "1991.??.??"]
[Round "5"]
[White "Priehoda, Vitezslav"]
[Black "Kolesar, Milan"]
[Result "1-0"]
[WhiteElo "2365"]
[BlackElo "2305"]
[PlyCount "75"]
[EventDate "1991.??.??"]
[Source "www.chesslib.no"]
[SourceDate "2004.05.04"]

1. Nf3 Nf6 2. c4 c6 3. g3 d5 4. b3 Bf5 5. Bg2 e6 6. O-O Be7 7. Bb2 Nbd7 8. d3 h6 9. Nbd2 O-O 10. Qc2 Bh7 11. Rfe1 a5 12. a3 Bd6 13. e4 dxe4 14. Nxe4 Nxe4 15. dxe4 Qe7 16. Rad1 Rfd8 17. Qc3 f6 18. Nd4 Kf7 19. Qc1 Bc7 20. Bh3 Nf8 21. c5 Ke8 22. b4 axb4 23. axb4 g5 24. Qc4 Be5 25. b5 Bxd4 26. Bxd4 e5 27. Be3 Bg6 28. bxc6 bxc6 29. Rd6 Bf7 30. Qd3 Be6 31. Bxe6 Nxe6 32. Rd1 Rxd6 33. cxd6 Qd7 34. Qc4 Rc8 35. f4 Nf8 36. fxe5 fxe5 37. Qg8 Rd8 38. Rf1 1-0

[Event "Kharkov"]
[Site "?"]
[Date "1999.??.??"]
[Round "3"]
[White "Grokhotov Vladimir T"]
[Black "Tikhomirov Alexey"]
[Result "1/2-1/2"]
[WhiteElo "2350"]
[BlackElo "2319"]
[PlyCount "128"]
[EventDate "1999.??.??"]
[Source "www.chesslib.no"]
[SourceDate "2004.05.04"]

1. c4 Nf6 2. g3 c6 3. Nf3 d5 4. b3 Bf5 5. Bg2 e6 6. O-O h6 7. Bb2 Be7 8. d3 O-O 9. Nbd2 Nbd7 10. Rc1 Bh7 11. Rc2 Qa5 12. Qa1 Ba3 13. Bc3 Bb4 14. a3 Bxc3 15. Rxc3 Qc7 16. Re1 a5 17. Qb2 Rfd8 18. Bh3 Ne5 19. cxd5 Nxf3+ 20. Nxf3 exd5 21. b4 axb4 22. axb4 Qb6 23. Rb1 Re8 24. Kf1 Re7 25. Ra3 Rxa3 26. Qxa3 c5 27. Rc1 Qxb4 28. Qxb4 cxb4 29. Rb1 Rc7 30. Rxb4 Kf8 31. Ke1 Ke7 32. Nd4 Bg6 33. Kd2 Ne8 34. Nb5 Rc5 35. Nc3 Nd6 36. Bg2 Ke6 37. Rb6 f5 38. Bf3 Ke7 39. g4 fxg4 40. Bxg4 d4 41. Na4 Ra5 42. Rb4 Be8 43. Nb2 Rb5 44. Rxb5 Nxb5 45. Kc2 Bf7 46. Nc4 Nd6 47. Nb6 g5 48. Kb2 h5 49. Nc8+ Nxc8 50. Bxc8 Bd5 51. Ka3 Kd6 52. Kb4 b6 53. Kb5 Kc7 54. Bf5 h4 55. Bg4 Bf7 56. Bf3 Be6 57. Kb4 Kd6 58. Bh5 Kc6 59. Be8+ Kd6 60. Ba4 Bg4 61. Bd1 Be6 62. Kb5 Kc7 63. Bc2 Bf7 64. Kb4 Kd6 1/2-1/2

[Event "CZE-chT 9899"]
[Site "?"]
[Date "1999.??.??"]
[Round "11"]
[White "Znamenacek Kvetoslav"]
[Black "Pacovsky Jiri"]
[Result "1/2-1/2"]
[WhiteElo "2325"]
[BlackElo "2340"]
[PlyCount "69"]
[EventDate "1999.??.??"]
[Source "www.chesslib.no"]
[SourceDate "2004.05.04"]

1. c4 Nf6 2. Nf3 c6 3. g3 d5 4. b3 Bf5 5. Ba3 Nbd7 6. Bg2 e6 7. Bxf8 Nxf8 8. O-O N8d7 9. d3 O-O 10. Nc3 Qe7 11. Nd2 d4 12. Na4 e5 13. b4 Rad8 14. c5 Be6 15. Nb2 Bd5 16. Nf3 Ne8 17. Qd2 f5 18. Rac1 Ndf6 19. Nc4 Bxc4 20. Rxc4 Nc7 21. a4 a6 22. Qg5 g6 23. Qd2 Kg7 24. Qb2 Rfe8 25. Re1 Kg8 26. e3 dxe3 27. Rxe3 e4 28. dxe4 Nxe4 29. Rc1 Qg7 30. Qb3+ Qf7 31. Qb2 Qg7 32. Qb3+ Qf7 33. Qc2 h6 34. Bf1 Kh7 35. Bc4 1/2-1/2

[Event "Wch U18"]
[Site "Guarapuava BRA"]
[Date "1995.??.??"]
[Round "6"]
[White "Pereyra Arcija, Diego"]
[Black "Ferguson, Mark"]
[Result "0-1"]
[WhiteElo "2290"]
[BlackElo "2370"]
[PlyCount "84"]
[EventDate "1995.??.??"]
[Source "www.chesslib.no"]
[SourceDate "2004.05.04"]

1. Nf3 Nf6 2. c4 c6 3. g3 d5 4. b3 Bf5 5. Bb2 e6 6. Bg2 h6 7. O-O Be7 8. d3 O-O 9. Nbd2 a5 10. a3 Nbd7 11. Qc2 Bh7 12. Rad1 Qb6 13. e4 Rfd8 14. Rfe1 dxe4 15. dxe4 Bc5 16. Re2 Ng4 17. Rf1 Be7 18. h3 Ngf6 19. Qc3 Nc5 20. Ne5 Ne8 21. Qc2 f6 22. Nef3 e5 23. Re3 Ne6 24. h4 Bc5 25. Bh3 N8c7 26. Re2 Kh8 27. Bf5 Nd4 28. Bxd4 Bxd4 29. h5 Bc5 30. Nh4 Bxa3 31. Kg2 Bb4 32. f4 Bxf5 33. Nxf5 Bxd2 34. Rxd2 exf4 35. gxf4 Ne6 36. Rfd1 Nxf4+ 37. Kf3 Ne6 38. Qc3 Rxd2 39. Rxd2 Qg1 40. Rd7 Ng5+ 41. Ke2 Qg4+ 42. Kf1 Nxe4 0-1

[Event "SVK-chT 9899"]
[Site "?"]
[Date "1999.??.??"]
[Round "8"]
[White "Pcola Pavol"]
[Black "Motuz Karol"]
[Result "1/2-1/2"]
[WhiteElo "2375"]
[BlackElo "2275"]
[PlyCount "74"]
[EventDate "1999.??.??"]
[Source "www.chesslib.no"]
[SourceDate "2004.05.04"]

1. c4 Nf6 2. g3 c6 3. Nf3 d5 4. b3 Bf5 5. Bb2 e6 6. Bg2 h6 7. O-O Be7 8. d3 O-O 9. Nbd2 Nbd7 10. Re1 Bh7 11. Qc2 Qb6 12. Rad1 Bc5 13. e3 a5 14. a3 Rfe8 15. Qc3 Bf8 16. d4 c5 17. Ne5 cxd4 18. exd4 Nxe5 19. dxe5 Ng4 20. Qd4 Qxd4 21. Bxd4 h5 22. h3 Nh6 23. cxd5 exd5 24. Bb2 Rad8 25. Nf1 Bc2 26. Rxd5 b6 27. e6 Bc5 28. Rg5 Nf5 29. exf7+ Kxf7 30. Rxe8 Kxe8 31. Rxh5 Rd1 32. b4 axb4 33. axb4 Bxb4 34. g4 Nd4 35. Bxd4 Rxd4 36. Ne3 Bg6 37. Rd5 Bc5 1/2-1/2

[Event "Niederbronn IM"]
[Site "?"]
[Date "2003.08.09"]
[Round "8"]
[White "Sermier Guillaume"]
[Black "Milliet Sophie"]
[Result "1/2-1/2"]
[WhiteElo "2373"]
[BlackElo "2275"]
[PlyCount "21"]
[EventDate "2003.??.??"]
[Source "www.chesslib.no"]
[SourceDate "2004.05.04"]

1. Nf3 Nf6 2. c4 c6 3. g3 d5 4. b3 Bf5 5. Bg2 e6 6. O-O Bd6 7. d3 h6 8. Bb2 O-O 9. Nbd2 Nbd7 10. a3 Qe7 11. Re1 1/2-1/2

[Event "Budapest HUN"]
[Site "?"]
[Date "1999.09.12"]
[Round "9"]
[White "Grimm Sascha"]
[Black "Ruiz Gonzalez Guillermo"]
[Result "1-0"]
[WhiteElo "2337"]
[BlackElo "2309"]
[PlyCount "77"]
[EventDate "1999.??.??"]
[Source "www.chesslib.no"]
[SourceDate "2004.05.04"]

1. Nf3 Nf6 2. c4 c6 3. g3 d5 4. b3 Bf5 5. Bb2 e6 6. Bg2 Be7 7. d3 O-O 8. Nh4 Bg4 9. h3 Bh5 10. O-O Nfd7 11. Nf3 f5 12. Nd4 Rf6 13. cxd5 cxd5 14. Nxe6 Rxe6 15. Bxd5 Nc5 16. Nc3 Qd7 17. b4 Nca6 18. b5 Nc5 19. d4 Ne4 20. Qb3 Bf7 21. Bxe6 Qxe6 22. d5 Qg6 23. Nxe4 fxe4 24. Rac1 Nd7 25. Rc7 Rd8 26. Rfc1 Qd6 27. Rc8 Nb6 28. Ba3 Qxd5 29. Rxd8+ Qxd8 30. Bxe7 Qxe7 31. Qe3 h6 32. Qf4 Qe8 33. a4 Nd5 34. Qf5 Nb6 35. Rc7 Qe6 36. Qxe6 Bxe6 37. Rxb7 Nxa4 38. Rxa7 Nc5 39. Rc7 1-0

[Event "Ch Iceland"]
[Site "Reykjavik ISL"]
[Date "1973.??.??"]
[Round "1"]
[White "Thorvadsson Jonas"]
[Black "Torfason, Jon"]
[Result "0-1"]
[WhiteElo "2325"]
[BlackElo "2315"]
[PlyCount "78"]
[EventDate "1973.??.??"]
[Source "www.chesslib.no"]
[SourceDate "2004.05.04"]

1. Nf3 Nf6 2. g3 d5 3. c4 c6 4. b3 Bf5 5. Bg2 e6 6. Bb2 Be7 7. O-O h6 8. d3 O-O 9. Nbd2 a5 10. a3 Na6 11. Ne5 Nd7 12. e4 Nxe5 13. Bxe5 Bh7 14. cxd5 cxd5 15. exd5 Bxd3 16. Re1 exd5 17. Qf3 Bg6 18. Rad1 Bxa3 19. Nc4 Bb4 20. Re3 Be4 21. Qg4 Qg5 22. Qxg5 hxg5 23. Bxe4 dxe4 24. Rxe4 Nc5 25. Re3 Rad8 26. Rxd8 Rxd8 27. Bc7 Rd1+ 28. Kg2 b5 29. Nd6 a4 30. bxa4 bxa4 31. Re8+ Kh7 32. Nxf7 a3 33. Ra8 Ne6 34. Be5 Rd7 35. Ra6 Rxf7 36. Rxe6 Re7 37. Rb6 Bc5 38. Bd6 Bxb6 39. Bxe7 a2 0-1

[Event "SVK Ch"]
[Site "Dolny Kubin"]
[Date "1979.??.??"]
[Round "7"]
[White "Novak, Ivan"]
[Black "Franzen, Jozef"]
[Result "1/2-1/2"]
[WhiteElo "2340"]
[BlackElo "2300"]
[PlyCount "25"]
[EventDate "1979.??.??"]
[Source "www.chesslib.no"]
[SourceDate "2004.05.04"]

1. g3 Nf6 2. c4 c6 3. Nf3 d5 4. b3 Bf5 5. Bg2 h6 6. O-O e6 7. Bb2 Be7 8. d3 O-O 9. Nbd2 Nbd7 10. Qc2 Bh7 11. a3 a5 12. Rab1 Bd6 13. b4 1/2-1/2

[Event "Corr"]
[Site "?"]
[Date "1997.03.05"]
[Round "?"]
[White "Hoidahl Erik (NOR)"]
[Black "Mary Patrick (FRA)"]
[Result "1-0"]
[WhiteElo "2205"]
[BlackElo "2430"]
[PlyCount "95"]
[EventDate "1997.??.??"]
[Source "www.chesslib.no"]
[SourceDate "2004.05.04"]

1. c4 c6 2. Nf3 d5 3. b3 Nf6 4. g3 Bf5 5. Bg2 e6 6. O-O Bb4 7. Bb2 O-O 8. d3 Nbd7 9. a3 Bd6 10. b4 a5 11. c5 Bc7 12. Nbd2 e5 13. Qc2 d4 14. Nc4 Re8 15. e3 e4 16. Nxd4 exd3 17. Qd1 Bg6 18. f4 Qe7 19. f5 Bh5 20. Qxd3 h6 21. Rae1 Ng4 22. Qc3 axb4 23. axb4 Nge5 24. f6 Nxf6 25. Nf5 Qe6 26. Ncd6 Bxd6 27. Nxd6 Re7 28. Rf5 Ned7 29. Rf4 Ne5 30. Nxb7 Nd5 31. Qxe5 Qxe5 32. Bxe5 Rxe5 33. Bxd5 Rxd5 34. Na5 Ra6 35. Rd4 Re5 36. Rd6 Re6 37. Rxe6 fxe6 38. e4 Bg6 39. Kf2 Kf7 40. Ke3 Bh5 41. Kd4 Ke7 42. Ke5 Bg4 43. h3 Bf3 44. g4 g5 45. Re3 Bg2 46. Rd3 Bf1 47. Rd6 Kf8 48. Nxc6 1-0

[Event "It Open"]
[Site "?"]
[Date "1996.??.??"]
[Round "6"]
[White "Quinn Mark"]
[Black "Franklin Michael J"]
[Result "1-0"]
[WhiteElo "2345"]
[BlackElo "2280"]
[PlyCount "163"]
[EventDate "1996.??.??"]
[Source "www.chesslib.no"]
[SourceDate "2004.05.04"]

1. c4 Nf6 2. g3 c6 3. Nf3 d5 4. b3 Bf5 5. Bg2 e6 6. Bb2 Be7 7. d3 h6 8. O-O O-O 9. Nbd2 a5 10. a3 Bh7 11. Ra2 Nbd7 12. Qa1 Re8 13. Ne5 Bf8 14. Rb1 Nxe5 15. Bxe5 Ng4 16. Bc3 Bc5 17. Bd4 Qb6 18. Bxc5 Qxc5 19. Rf1 Rad8 20. h3 Nf6 21. Rb2 Qe7 22. b4 axb4 23. Rxb4 e5 24. Qb2 Rd7 25. cxd5 cxd5 26. Nb3 e4 27. dxe4 Bxe4 28. e3 Bxg2 29. Kxg2 Ne4 30. Rc1 Nd6 31. Nd2 Ra8 32. Rg4 g6 33. Qb3 h5 34. Rb4 Ne4 35. Nxe4 dxe4 36. Rcc4 Re8 37. Qa4 f5 38. Rb6 Kh7 39. Qb5 Ra8 40. a4 Qf7 41. Rc5 Re8 42. Qb2 Ree7 43. Rf6 Qg7 44. Rb5 Rd2 45. Qxd2 Qxf6 46. Qd8 Qg7 47. Rd5 Rf7 48. a5 Re7 49. Qb8 Rd7 50. Rc5 Qa1 51. Rc7 Qg7 52. Rc8 Qa1 53. Re8 Qg7 54. g4 Re7 55. Qd8 Rxe8 56. Qxe8 hxg4 57. hxg4 Kh6 58. Qd8 Qe5 59. Qf8+ Kg5 60. gxf5 Qxf5 61. Qe7+ Kg4 62. Qxb7 Qf3+ 63. Kg1 Qd1+ 64. Kh2 Kf3 65. Qf7+ Ke2 66. Qxg6 Qd5 67. Kg3 Qxa5 68. Qxe4 Qc7+ 69. Qf4 Qc3 70. Qg4+ Ke1 71. Qd4 Qa3 72. f4 Qa2 73. e4 Qb3+ 74. Kh4 Qf3 75. e5 Qb7 76. e6 Qe7+ 77. Kg3 Ke2 78. Qd7 Qa3+ 79. Kh4 Qe3 80. e7 Qf2+ 81. Kg5 Qc5+ 82. Kf6 1-0

[Event "Budapest FS05 IM"]
[Site "Budapest"]
[Date "2000.05.13"]
[Round "8"]
[White "Nemeth, Zoltan"]
[Black "Hoenig, Alexander"]
[Result "1/2-1/2"]
[WhiteElo "2379"]
[BlackElo "2246"]
[PlyCount "120"]
[EventDate "2000.05.06"]
[Source "ChessBase"]
[SourceDate "2000.07.11"]

1. c4 c6 2. Nf3 d5 3. b3 Nf6 4. g3 Bf5 5. Bb2 e6 6. Bg2 h6 7. d3 Nbd7 8. Nbd2 Bh7 9. a3 a5 10. O-O Be7 11. Bc3 c5 12. cxd5 exd5 13. d4 O-O 14. dxc5 Nxc5 15. Qc1 Nce4 16. Bd4 Rc8 17. Qb2 Nxd2 18. Qxd2 Rc2 19. Qd1 Qc8 20. Ne1 Rc6 21. Qd2 b6 22. Qb2 Be4 23. f3 Bf5 24. Rd1 Re8 25. Rd2 Bc5 26. Kh1 Bxd4 27. Qxd4 Rce6 28. Nd3 Bxd3 29. exd3 Re1 30. Qxb6 Qc1 31. Rdf2 Qxa3 32. Kg1 Qa1 33. d4 Rd1 34. Rxd1 Qxd1+ 35. Bf1 Re3 36. Kg2 Rxb3 37. Qc5 g6 38. Ba6 Qa1 39. Bb7 Rb2 40. Bxd5 Rxf2+ 41. Kxf2 Qb2+ 42. Kg1 Nxd5 43. Qxd5 Qc1+ 44. Kf2 Qc2+ 45. Ke3 a4 46. Qe5 Qc8 47. Kd2 Qa8 48. d5 a3 49. d6 a2 50. d7 a1=Q 51. Qxa1 Qxa1 52. d8=Q+ Kg7 53. Qd3 Qb2+ 54. Qc2 Qxc2+ 55. Kxc2 Kf6 56. Kd3 Ke5 57. Ke3 f5 58. f4+ Kd5 59. Kd3 Kc5 60. Kc3 Kd5 1/2-1/2

[Event "Budapest HUN"]
[Site "?"]
[Date "1998.08.10"]
[Round "10"]
[White "Karatorossian David"]
[Black "Vovsha Eli"]
[Result "1/2-1/2"]
[WhiteElo "2395"]
[BlackElo "2225"]
[PlyCount "169"]
[EventDate "1998.??.??"]
[Source "www.chesslib.no"]
[SourceDate "2004.05.04"]

1. c4 Nf6 2. g3 c6 3. Nf3 d5 4. b3 Bf5 5. Bg2 e6 6. O-O Nbd7 7. d3 h6 8. Bb2 Be7 9. Nbd2 O-O 10. Re1 Bh7 11. Qc2 Qb6 12. a3 a5 13. Bc3 Ng4 14. e3 Nc5 15. Bf1 dxc4 16. bxc4 Rfd8 17. Bd4 e5 18. Bxc5 Bxc5 19. Nb3 a4 20. Nxc5 Qxc5 21. e4 Bg6 22. Qb2 Re8 23. h3 Nf6 24. Reb1 Ra7 25. Qc3 Nd7 26. Re1 Re6 27. Nh4 Rd6 28. Kg2 Nf8 29. Rab1 Ne6 30. Rb4 Nd4 31. Reb1 b5 32. Qb2 Rf6 33. cxb5 cxb5 34. Rc1 Qb6 35. f4 Rc6 36. Rxc6 Qxc6 37. fxe5 Qc2+ 38. Qxc2 Nxc2 39. Rxb5 Nxa3 40. Rb2 Rc7 41. Rb8+ Kh7 42. Ra8 Rc2+ 43. Kg1 Nb1 44. Rxa4 Nd2 45. Ra1 Rc5 46. Ra2 Nxf1 47. Kxf1 Rxe5 48. g4 h5 49. Nf3 Rb5 50. g5 f6 51. gxf6 gxf6 52. Ra7+ Kh6 53. Ra6 Kg7 54. Nd4 Rb2 55. h4 Rh2 56. Nf3 Rb2 57. Nd4 Rh2 58. Ne6+ Kg8 59. Nf4 Be8 60. Rxf6 Rxh4 61. Rf5 Rh2 62. Ng2 Bd7 63. Rg5+ Kf7 64. Rg3 Rh1+ 65. Kf2 h4 66. Rf3+ Ke8 67. Ne3 Rh2+ 68. Kg1 Rd2 69. Nd5 h3 70. Nf6+ Ke7 71. Nd5+ Ke8 72. Nf4 h2+ 73. Kh1 Bb5 74. Rh3 Rf2 75. Nd5 Kd7 76. Nc3 Ba6 77. Rh7+ Kd8 78. d4 Rc2 79. Rh3 Bf1 80. Rg3 Kd7 81. Nd5 Rd2 82. Nb6+ Kc7 83. Nd5+ Kd7 84. Rg7+ Kd6 85. Ne3 1/2-1/2

[Event "IND-chB 37th"]
[Site "?"]
[Date "1999.??.??"]
[Round "11"]
[White "Koshy Varugeese"]
[Black "Harikrishna Penteala"]
[Result "0-1"]
[WhiteElo "2358"]
[BlackElo "2254"]
[PlyCount "58"]
[EventDate "1999.??.??"]
[Source "www.chesslib.no"]
[SourceDate "2004.05.04"]

1. c4 Nf6 2. g3 c6 3. Nf3 d5 4. b3 Bf5 5. Bg2 e6 6. O-O Nbd7 7. Bb2 Be7 8. d3 h6 9. Nbd2 O-O 10. a3 a5 11. Qc2 Bh7 12. Rfc1 Rc8 13. Bc3 b5 14. cxb5 cxb5 15. Qb2 Re8 16. b4 Nb6 17. Nb3 Na4 18. Qd2 Rxc3 19. Rxc3 axb4 20. Rc2 bxa3 21. Nfd4 b4 22. Nc6 Qd6 23. Nbd4 Bf8 24. Nb5 Qd7 25. Nbd4 e5 26. Nxb4 exd4 27. Nc6 Bc5 28. Qa5 Qxc6 29. Rxa3 Nc3 0-1